La guerra de las galaxias : (Record no. 143523)
[ view plain ]
| 000 -CABECERA | |
|---|---|
| campo de control de longitud fija | 00782nam a2200229 a 4500 |
| 005 - FECHA Y HORA DE LA ÚLTIMA TRANSACCIÓN | |
| campo de control | 20220701133600.0 |
| 008 - ELEMENTOS DE LONGITUD FIJA--INFORMACIÓN GENERAL | |
| campo de control de longitud fija | 090623s2006 mx r 000 0 spa d |
| 020 ## - NÚMERO INTERNACIONAL NORMALIZADO PARA LIBROS | |
| Número Internacional Estándar del Libro | 847642731X (NAU Llibres) |
| 020 ## - NÚMERO INTERNACIONAL NORMALIZADO PARA LIBROS | |
| Número Internacional Estándar del Libro | 848063832X (Octaedro) |
| 035 ## - NÚMERO DE CONTROL DEL SISTEMA | |
| Número de control de sistema | UPN01000171418 |
| 049 ## - COLECCIÓN | |
| Colección | CG |
| 050 #4 - SIGNATURA TOPOGRÁFICA DE LA BIBLIOTECA DEL CONGRESO | |
| Número de clasificación | PN1997 S7.2 |
| Número de documento/Ítem | G6.3 |
| 100 1# - ASIENTO PRINCIPAL--NOMBRE PERSONAL | |
| Nombre de persona | González Laiz, Gonzalo |
| 245 13 - MENCIÓN DE TÍTULO | |
| Título | La guerra de las galaxias : |
| Resto del título | George Lucas (1977) / |
| Mención de responsabilidad, etc. | Gonzalo González Laiz. |
| 260 ## - PUBLICACIÓN, DISTRIBUCIÓN, ETC. | |
| Lugar de publicación, distribución, etc. | Valencia, Esp. : |
| Nombre del editor, distribuidor, etc. | NAU Llibres : |
| -- | Octaedro, |
| Fecha de publicación, distribución, etc. | 2006. |
| 300 ## - DESCRIPCIÓN FÍSICA | |
| Extensión | 104 p. : |
| Otras características físicas | il. |
| 440 #0 - MENCIÓN DE SERIE/ASIENTO SECUNDARIO--TÍTULO | |
| Título | Guías para ver y analizar cine |
| 650 #4 - ASIENTO SECUNDARIO DE MATERIA - TERMINO TEMATICO | |
| Término de materia o nombre geográfico como elemento de entrada | GUERRA DE LAS GALAXIAS (PELICULA CINEMATOGRAFICA) |
| 9 (RLIN) | 18379 |
| 600 14 - ASIENTO SECUNDARIO DE MATERIA - NOMBRE PERSONAL | |
| Nombre de persona | LUCAS, GEORGE, |
| Fechas asociadas al nombre | 1944- |
| 9 (RLIN) | 18377 |
| 650 #0 - ASIENTO SECUNDARIO DE MATERIA - TERMINO TEMATICO | |
| Término de materia o nombre geográfico como elemento de entrada | Productores y directores cinematográficos |
| 9 (RLIN) | 463 |
| 905 ## - TIPO DE MATERIAL | |
| Tipo de material | Libro |
| Estado de retiro | Estado de pérdida | Fuente del sistema de clasificación o colocación | Estado dañado | No para préstamo | Código de colección | Localización permanente | Ubicación/localización actual | Ubicación en estantería | Total de préstamos | Clasificación | Código de barras | Fecha visto por última vez | Número de copia | Tipo de ítem Koha |
|---|---|---|---|---|---|---|---|---|---|---|---|---|---|---|
| Library of Congress Classification | Colección General | Bib. Gregorio Torres Quintero | Bib. Gregorio Torres Quintero | Planta baja | 3 | PN1997 S7.2 G6.3 | 261934 | 31/12/2020 | 1 | Libro |
